000 00476nam a2200205Ia 4500
005 20230919114808.0
008 131103s9999 xx 000 0 und d
020 _a553111612
040 _aLoreto College
041 _aEnglish
082 _a920
_bULL
100 _aUllmann,Liv
245 _aChanging
_cLiv,Ullmann
260 _aNew York
_bBantam Book
_c1978
300 _a[11],307 p.
650 _aFilms
651 _aMotion Pictures
850 _aLCLIB
942 _cBK
999 _c7168
_d57647